Irish school/uni/sports subjects - Statistics

General Stats
  • This quiz has been taken 12 times
  • The average score is 9 of 26
Answer Stats
Hint Answer % Correct
english béarla
100%
maths matamatic
75%
music ceol
63%
basketball cispheil
63%
science eolaíocht
63%
ball liathróid
63%
history stair
63%
art ealain
50%
french fraincis
50%
football peil
50%
sport spórt
50%
geography tíreolaíocht
50%
german gearmánis
38%
spanish spánnis
38%
technology teicneolaíocht
25%
subject ábhar
13%
biology bitheolaíocht
13%
chemistry cemic
13%
physics fisic
13%
engineering innealtóireacht
13%
baseball daorchluiche
0%
social science eolaíocht shóisialta
0%
botany luibheolaíocht
0%
psychology síceolaíocht
0%
sociology socheolaíocht
0%
zoology zó-eolaíocht
0%
No matching quizzes found
Score Distribution
Percent of People with Each Score
Percentile by Number Answered
Your Score History
You have not taken this quiz